| 000 | 01223nam a2200289 a 4500 | ||
|---|---|---|---|
| 001 | 000036127 | ||
| 003 | DO-SdBNP | ||
| 005 | 20250611073818.0 | ||
| 007 | ta | ||
| 008 | 111214s2022 dr acd 000 0 spa d | ||
| 020 | _a9789945164435 | ||
| 040 |
_aDO-SdBNP _bspa _cBNPHU |
||
| 082 |
_a174.28 _bR426m, 2022 |
||
| 110 |
_aRepública Dominicana. _bMinisterio de Salud Pública. _bConsejo Nacional de Bioética en Salud _962159 |
||
| 245 | 1 | 0 |
_aMemorias institucionales : _bonce años de gestión, CONABIOS Enero 2011-Diciembre 2021 |
| 260 |
_aSanto Domingo : _bMinisterio de Salud Pública, _c2021. |
||
| 300 |
_a192 p. ; : _bil. ; _c29 cm. |
||
| 590 | _aInventariado, 2022 / DG | ||
| 650 | 4 |
_aMedicina _xInvestigaciones _zRepública Dominicana _xMemorias e informes _962160 |
|
| 650 | 4 |
_aBioética _xInvestigaciones _zRepública Dominicana _xMemorias e informes _962161 |
|
| 650 | 4 |
_aCiencia y ética _zRepública Dominicana _xMemorias e informes _962162 |
|
| 650 | 4 |
_aInstituciones públicas _zRepública Dominicana _917927 |
|
| 651 | 4 |
_aRepública Dominicana _xAdministración Pública _xMemorias E Informes _91286 |
|
| 710 | 1 |
_aRepública Dominicana. _bMinisterio de Salud Pública _980830 |
|
| 910 | _aDG | ||
| 942 |
_2ddc _cLBS1 |
||
| 999 |
_c52593 _d52593 |
||